| 000 | 01136cam a2200205 4500 | ||
|---|---|---|---|
| 001 | L136472 | ||
| 008 | 070202n2007 000 0 eng u | ||
| 035 | _a(Sirsi) u136472 | ||
| 041 | 0 | _aeng | |
| 110 | 2 |
_aUnited Kingdom _bHM Treasury |
|
| 245 | 0 | 4 |
_aThe National Asset Register 2007 _h[electronic resource] |
| 260 | _c2007 | ||
| 520 | _aProvides a list of government assets, including those held by central government departments, executive agencies, executive non-departmental public bodies, NHS bodies and public corporations. Includes both tangible fixed assets (including military and heritage assets), intangible fixed assets (such as software licences) and fixed asset investments (such as share holdings) owned by departments. | ||
| 590 | _aKA NTK | ||
| 650 | 2 | 4 | _aNATIONAL ASSET REGISTER |
| 651 | 4 |
_aUnited Kingdom _y |
|
| 690 | _aMANAGEMENT-BUSINESS MANAGEMENT-FINANCIAL MANAGEMENT-ACCOUNTING-FINANCIAL REPORTING | ||
| 856 | 4 | 0 |
_uhttps://www.hm-treasury.gov.uk/documents/public_spending_and_services/national_asset_register/pss_nar_2007index.cfm _zView the item free of charge at www.hm-treasury.gov.uk... |
| 942 | _n0 | ||
| 999 |
_c106401 _d106401 |
||